Purchasing and Supply Chain Management / (Record no. 2979)

000 -LEADER
fixed length control field 00844nam a2200325 a 4500
006 - FIXED-LENGTH DATA ELEMENTS--ADDITIONAL MATERIAL CHARACTERISTICS--GENERAL INFORMATION
fixed length control field a||||gr|||| 001 0
007 - PHYSICAL DESCRIPTION FIXED FIELD--GENERAL INFORMATION
fixed length control field ta
008 - FIXED-LENGTH DATA ELEMENTS--GENERAL INFORMATION
fixed length control field 190805s2024||||nyua|||gr|||| 0|1 ||eng|d
020 ## - INTERNATIONAL STANDARD BOOK NUMBER
International Standard Book Number 9781266271113
Terms of availability £ 58.99
040 ## - CATALOGING SOURCE
Original cataloging agency IMU Kochi Library
Language of cataloging eng
041 0# - LANGUAGE CODE
Language code of text/sound track or separate title eng
044 ## - COUNTRY OF PUBLISHING/PRODUCING ENTITY CODE
MARC country code New York (State)
082 04 - DEWEY DECIMAL CLASSIFICATION NUMBER
Classification number 658.7
Item number J6361
Edition number 23
100 1# - MAIN ENTRY--PERSONAL NAME
Personal name Johnson, P. Fraser
245 10 - TITLE STATEMENT
Title Purchasing and Supply Chain Management /
250 ## - EDITION STATEMENT
Edition statement 17th ed.
260 ## - PUBLICATION, DISTRIBUTION, ETC. (IMPRINT)
Place of publication, distribution, etc New York :
Name of publisher, distributor, etc McGraw Hill,
Date of publication, distribution, etc 2024
300 ## - PHYSICAL DESCRIPTION
Extent xviii, 573 p. :
Other physical details ill.;
Dimensions 23 cm.
500 ## - GENERAL NOTE
General note Includes index.
650 #0 - SUBJECT ADDED ENTRY--TOPICAL TERM
Topical term or geographic name as entry element Purchasing
General subdivision Management
-- Textbooks
650 #0 - SUBJECT ADDED ENTRY--TOPICAL TERM
Topical term or geographic name as entry element Materials management
General subdivision Textbooks
650 #0 - SUBJECT ADDED ENTRY--TOPICAL TERM
Topical term or geographic name as entry element Business logistics
General subdivision Textbooks
700 1# - ADDED ENTRY--PERSONAL NAME
Relator term Joint Author
700 1# - ADDED ENTRY--PERSONAL NAME
Relator term Joint Author
700 1# - ADDED ENTRY--PERSONAL NAME
Relator term Joint Author
852 ## - LOCATION/CALL NUMBER
Location IMU Kochi Library
904 ## - LOCAL DATA ELEMENT D, LDD (RLIN)
CATALOGER Rudra Ranjan
905 ## - LOCAL DATA ELEMENT E, LDE (RLIN)
VERIFIER Rudra Ranjan
942 ## - ADDED ENTRY ELEMENTS (KOHA)
Item type Books
Holdings
Withdrawn status Lost status Source of classification or shelving scheme Damaged status Not for loan Collection code Permanent location Current location Shelving location Date acquired Source of acquisition Cost, normal purchase price Full call number Barcode Date last seen Koha item type
          Management Studies IMU Kochi Library IMU Kochi Library Reference 2025-01-22 M/s Rajasthani Granthagar (Inv. No. RG/2425/536 Dt. 02-01-2025) 6341.38 658.7 J6361 BK006634 2025-01-22 Books
          Management Studies IMU Kochi Library IMU Kochi Library Reference 2025-01-22 M/s Rajasthani Granthagar (Inv. No. RG/2425/536 Dt. 02-01-2025) 6341.38 658.7 J6361 BK006635 2025-01-22 Books


Copyright © All Rights Reserved by Indian Maritime University, Kochi Campus.
For any Suggestions/Query Contact to library or Email: library.kochi@imu.ac.in Ph:(0484)-2989402
(Web OPAC Designed by Rudra Ranjan. Maintained by IMU Kochi Library)

Powered by Koha